| 000 | 01931cam a22004577a 4500 | ||
|---|---|---|---|
| 003 | CHAP | ||
| 005 | 20220329142343.0 | ||
| 008 | 000913d1999 mx rs o00110 spa d | ||
| 010 | _a82226 | ||
| 011 | _a83198 | ||
| 020 | _a9701327152 | ||
| 035 | _a93709 | ||
| 040 | _cCHAP | ||
| 082 | 0 | 4 |
_a331 _bI5 |
| 110 | 2 |
_aInstituto Nacional de Estadística, Geografía e Informática. México _959304 |
|
| 245 | 1 | 0 |
_aEstadísticas sobre relaciones laborales de jurisdicción local _c/por Instituto Nacional de Estadística, Geografía e Informática |
| 260 |
_aAguascalientes, Ags. : _bInstituto Nacional de Estadística, Geografía e Informática, _cc.199-. |
||
| 300 |
_av. : _bgráfs. ; cuadros |
||
| 410 | _aINEGI | ||
| 490 | 0 | _aCuaderno | |
| 500 | _aContinua de : Información estadística sobre relaciones laborales de jurisdicción local | ||
| 500 | _aLa biblioteca tiene : 1998, 1999, 2001, 2002, 2003, 2004 | ||
| 590 |
_aBATCH-UPD _b10 _c20130110 _lUCH01 _h1443 |
||
| 590 |
_aBATCH-UPD _b10 _c20130410 _lUCH01 _h0914 |
||
| 590 |
_aBATCH-UPD _b10 _c20130914 _lUCH01 _h1625 |
||
| 590 |
_aCONVERSION _b10 _c20130109 _lUCH01 _h1346 |
||
| 650 | 1 | 4 |
_aHuelgas. _956642 |
| 650 | 1 | 4 |
_aTrabajo y trabajadores _zMéxico. _9114553 |
| 810 | 0 | 0 |
_aINEGI _958045 |
| 830 | 0 | 0 |
_aCuaderno _929704 |
| 901 | _aBK | ||
| 905 | _aPatricia Mendoza P. | ||
| 942 | _cLIBRO | ||
| 949 |
_a331 I5 _bBC _cINEGI _d33724000784492 _eINEGI _f1998 _h98093 _i93709 _sb |
||
| 949 |
_a331 I5 _bBC _cINEGI _d33724000814117 _eINEGI _f2001 _gDonaciØn _h102766 _i93709 _sb |
||
| 949 |
_a331 I5 _bBC _cINEGI _d33724000814307 _eINEGI _f1999 c.2 _h99643 _i93709 _si |
||
| 949 |
_a331 I5 _bBC _cINEGI _d33724000815536 _eINEGI _f1999 _h99579 _i93709 _si |
||
| 949 |
_a331 I5 _bBC _cINEGI _d33724000888012 _eINEGI _f2002 _h103510 _i93709 _sb |
||
| 949 |
_a331 I5 _bBC _cINEGI _d33724000923124 _eINEGI _f2003 _h104535 _i93709 _sb |
||
| 949 |
_a331 I5 _bBC _cINEGI _d33724000973087 _eINEGI _f2004 _h107414 _i93709 _sb |
||
| 999 |
_c82226 _d82226 |
||